[Event "Vestlandsserien 2017-18 avd. nord"]
[Site "Hordaland"]
[Date "2018.02.04"]
[Round "5"]
[White "SÃ¸rensen, Kristian"]
[Black "Stigar, Petter"]
[Result "1/2-1/2"]
[WhiteElo "2110"]
[BlackElo "2211"]
[PlyCount "73"]
[EventDate "2017.??.??"]

1. d4 d5 2. Nf3 Nf6 3. Bg5 Ne4 4. Bf4 c5 5. dxc5 Nc6 6. Nbd2 Nxc5 7. e3 f6 8.
Be2 e5 9. Bg3 Be7 10. O-O Be6 11. Ne1 O-O 12. Nd3 Qd7 13. Nxc5 Bxc5 14. c4 dxc4
15. Bxc4 Bxc4 16. Nxc4 Qxd1 17. Rfxd1 Rfd8 18. Kf1 Kf7 19. Ke2 Ke6 20. Nd2 Bb4
21. Nb3 Na5 22. Rxd8 Rxd8 23. Rd1 Rxd1 24. Kxd1 Nxb3 25. axb3 Kd5 26. f3 e4 27.
h3 f5 28. Ke2 Be7 29. Be1 Bf6 30. Bc3 Bxc3 31. bxc3 b5 32. f4 Kc5 33. Kd2 h5
34. h4 a5 35. Kc2 b4 36. cxb4+ axb4 37. Kd2 1/2-1/2

[Event "Vestlandsserien 2017-18 avd. nord"]
[Site "Hordaland"]
[Date "2018.02.04"]
[Round "5"]
[White "Gundersen, Helge"]
[Black "Nygaard, Karl Magnus"]
[Result "1/2-1/2"]
[WhiteElo "2125"]
[BlackElo "2005"]
[PlyCount "33"]
[EventDate "2017.??.??"]

1. b3 b6 2. Bb2 Bb7 3. e3 Nf6 4. f4 g6 5. Nf3 Bg7 6. Be2 O-O 7. O-O c5 8. a4
Nc6 9. Na3 d5 10. Ne5 Nxe5 11. Bxe5 Ne4 12. Bxg7 Kxg7 13. Bf3 f5 14. Qc1 a6 15.
d3 Nf6 16. c4 e6 17. Qb2 1/2-1/2